000 01188nam a2200241Ia 4500
003 Ost
005 20260507075105.0
008 260507s9999||||xx |||||||||||||| ||und||
020 _a9789961006788
040 _cfsecg
041 _aara
082 _a332.46
100 _aبن علي، بلعزوز
_eمؤلف
245 0 _aمحاضرات في النظريات والسياسات النقدية /
_c بلعزوز بن علي
250 _aطبعة 4
260 _aالجزائر:
_bديوان المطبوعات الجامعية,
_c2017
300 _a229 صفحة؛
_bإيضاحات ؛
_c23 سم
504 _aالمراجع ص.223
520 _a النظريات النقدية التقليدية- النظرية الكنزية- النظرية النقدية المعاصرة- نظرية التوازن الإقتصادي العام- السياسة النقدية- التضخم- أثر الإصلاح الإقتصادي على السياسة النقدية في الجزائر- انعكاس الإصلاحات على التوازنات النقدية.
653 _aالسياسات الإقتصادية
653 _aالنظريات الإقتصادية
942 _cكتاب
999 _c42817
_d42817